Statistics for Australian States and Territories in 1 Minute

Click here to take the quiz!

General Stats

  • This quiz has been taken 9 times
  • The average score is 8 of 9

Answer Stats

Name% Correct
New South Wales
100%
Queensland
100%
Victoria
100%
South Australia
100%
Tasmania
100%
Western Australia
89%
Australian Capital Territory
89%
Northern Territory
89%
Jervis Bay Territory
33%

Score Distribution

Percentile by Number Answered

Percent of People with Each Score

Your Score History

You have not taken this quiz